Chapman Library

Oxford guide to effective writing and speaking (Record no. 996)

000 -LEADER
fixed length control field 00341nam a22001457a 4500
020 ## - INTERNATIONAL STANDARD BOOK NUMBER
ISBN 9780192806130
050 ## - LIBRARY OF CONGRESS CALL NUMBER
Classification number PE 1408 see
100 ## - MAIN ENTRY--AUTHOR NAME
Personal name SEELY, John
245 ## - TITLE STATEMENT
Title Oxford guide to effective writing and speaking
250 ## - EDITION STATEMENT
Edition statement 2nd ed.
260 ## - PUBLICATION, DISTRIBUTION, ETC. (IMPRINT)
Place of publication Oxford
Name of publisher Oxford University Press
Year of publication 2005
300 ## - PHYSICAL DESCRIPTION
Number of Pages 312p.
942 ## - ADDED ENTRY ELEMENTS (KOHA)
Koha item type Books
988 ## - PAGINATION/EXTENT
PAGINATION/EXTENT 312p.
Holdings
Koha item type Collection code Shelving location Accession Number Permanent Location Current Location Date acquired Full call number
BooksReferenceReference0609Chapman LibraryChapman Library2016-08-02PE 1408 see
BooksReferenceReference0612Chapman LibraryChapman Library2016-08-02PE 1408 see


CSUC Chapman Library is a Koha Automated Library.


Contact us: library@csuc.edu.gh.